Szczegóły MARC21

Forum /

001 -Numer kontrolny rekordu [,]
    • @
    • pole kontrolne
    • gg99601089
005 -Data i czas ostatniej zmiany [,]
    • @
    • Data ostatniej zmiany
    • 20241231091007.0
035 -Inne numery kontrolne [ , ]
    • a
    • Numer kontrolny
    • (OCoLC)749245040
040 -Instytucja sporządzająca opis [ , ]
    • a
    • Instytucja, która sporządziła opis (NP)
    • LUBL U/AW
    • c
    • Instytucja, która sporządziła rekord (NP)
    • LUBL U/AW
    • d
    • Instytucja, która zmodyfikowała rekord (P)
    • LUBL U/AW
942 -Rodzaj dokumentu [ , ]
    • c
    • Rodzaj dokumentu
    • Wydaw. ciągłe w tym czasopisma
998 -Inne dane NUKAT [ , ]
    • a
    • Numer systemowy
    • vtls000027350
245 -Strefa tytułu i oznaczenia odpowiedzialności [0,0]
    • a
    • Tytuł
    • Forum /
    • c
    • Pozostałe elementy strefy tytułu i oznaczenia odpowiedzialności (NP)
    • University of Silesia, University of Alberta.
260 -Strefa adresu wydawniczego [ , ]
    • a
    • Miejsce wydania (P)
    • Katowice ;
    • a
    • Miejsce wydania (P)
    • Edmonton :
    • b
    • Nazwa wydawcy (P)
    • Wydaw. UŚ,
    • c
    • Data wydania (P)
    • 1998-.
830 -Hasło dodatkowe serii i opisu książki wielotomowej - tytuł ujednolicony/tytuł [ ,0]
    • a
    • Tytuł ujednolicony/tytuł (NP)
    • Prace Naukowe Uniwersytetu Śląskiego w Katowicach
    • x
    • ISSN
    • 0208-6336
300 -Strefa opisu fizycznego [ , ]
    • c
    • Format (NP)
    • 24 cm.
310 -Częstotliwość [ , ]
    • a
    • Częstotliwość
    • Niereg.
336 -Typ zawartości [ , ]
    • a
    • Termin opisujący typ zawartości
    • Tekst
    • b
    • Typ/rodzaj nośnika
    • txt
    • 2
    • Źródło (termin i kod)
    • rdacontent
337 -Typ mediów [ , ]
    • a
    • Tryb odtwarzania
    • Bez urządzenia pośredniczącego
    • b
    • Kod typu mediów
    • n
    • 2
    • Źródło (termin i kod)
    • rdamedia
338 -Typ/rodzaj nośnika [ , ]
    • a
    • Hasło opisujące typ nośnika
    • Wolumin
    • b
    • Kod typu nośnika
    • nc
    • 2
    • Źródło (termin i kod)
    • rdacarrier
362 -Strefa numeracji [0, ]
    • a
    • Strefa numeracji
    • Vol. 1-.
490 -Strefa serii i książki wielotomowej - forma nie do wyszukiwania [1, ]
    • a
    • Tytuł (P)
    • Prace Naukowe Uniwersytetu Śląskiego w Katowicach,
    • x
    • ISSN (NP)
    • 0208-6336
500 -Uwaga ogólna [ , ]
    • a
    • Uwaga ogólna (NP)
    • W zb. og. Prac Naukowych UŚ vol. 1 oznaczony nr 1725.
504 -Uwaga dot. bibliografii załącznikowej [ , ]
    • a
    • Uwaga dot. bibliografii załącznikowej
    • Bibliogr.
546 -Uwaga dot. języka [ , ]
    • a
    • Uwaga dot. języka
    • Streszcz. w jęz. pol., ros.
710 -Hasło dodatkowe - nazwa ciała zbiorowego [2, ]
    • a
    • Nazwa ciała zbiorowego lub nazwa geograficzna jako pierwszy element (NP)
    • Uniwersytet Śląski (Katowice).
710 -Hasło dodatkowe - nazwa ciała zbiorowego [2, ]
    • a
    • Nazwa ciała zbiorowego lub nazwa geograficzna jako pierwszy element (NP)
    • University of Alberta.
710 -Hasło dodatkowe - nazwa ciała zbiorowego [2, ]
    • a
    • Nazwa ciała zbiorowego lub nazwa geograficzna jako pierwszy element (NP)
    • Uniwersytet Śląski (Katowice).
    • b
    • Nazwa jednostki podrzędnej (P)
    • Wydawnictwo.
    • 4
    • Określenie rodzaju współpracy
    • pbl
952 -Egzemplarz [ , ]
    • a
    • Numer inwentarzowy
    • Ac.269
    • c
    • Sygnatura
    • ANG. Translatoryka 61
    • d
    • Lokalizacja
    • BM Biblioteka Międzywydziałowa
    • e
    • Akcesja
    • 98d624/1
    • i
    • Nr tomu wydaw.cg
    • Vol.1 (1998)
    • n
    • Powiązanie z serią
    • 1
    • p
    • Kod kreskowy
    • 2002700002696
    • r
    • Cena
    • 10.0
    • v
    • Data wprowadzenia opisu
    • 2018-12-06
    • w
    • Data inwentaryzacji
    • 2000-04-06
    • y
    • Status udostępniania
    • Tylko na miejscu
    • z
    • Sposób nabycia
    • dary zwarte
952 -Egzemplarz [ , ]
    • a
    • Numer inwentarzowy
    • Ac.270
    • c
    • Sygnatura
    • ANG. Sztuka 05
    • d
    • Lokalizacja
    • BM Biblioteka Międzywydziałowa
    • e
    • Akcesja
    • 99w235/4
    • h
    • Uwagi
    • Ac.269 sygnatura
    • i
    • Nr tomu wydaw.cg
    • Vol.2 (1999)
    • n
    • Powiązanie z serią
    • 2
    • p
    • Kod kreskowy
    • 2002700002702
    • r
    • Cena
    • 0.0
    • v
    • Data wprowadzenia opisu
    • 2017-06-09
    • w
    • Data inwentaryzacji
    • 2000-04-17
    • y
    • Status udostępniania
    • Tylko na miejscu
    • z
    • Sposób nabycia
    • wymiana zwarte
Uwagi dla czytelnika
Studies in comparative literature and translation
Studies in film & popular culture